The undertaker's gone bananas /

Saved in:
Bibliographic Details
Main Author: Zindel, Paul, 1936-
Format: Book
Language:English
Published: London [etc.] : Bodley Head, 1979.
Series:Book for new adults
Subjects:
LEADER 01037nam a2200301 i 4500
001 c000147157
003 CARM
005 00000000000000.0
008 810304r19791978enk 00011 eng d
015 |a B7840525 
019 1 |a 1936331  |5 LACONCORD2021 
020 |a 0370301676 
035 |a (OCoLC)16432081  |5 LACONCORD2021 
100 1 |a Zindel, Paul,  |d 1936- 
245 1 4 |a The undertaker's gone bananas /  |c [by] Paul Zindel. 
260 |a London [etc.] :  |b Bodley Head,  |c 1979. 
300 |a [7],239p ;  |c 23cm. 
490 1 |a A book for new adults 
500 |a Originally published: New York : Harper and Row, 1978. 
500 |a For adolescents. 
650 0 |a English fiction. 
830 0 |a Book for new adults 
852 8 |b CARM  |h A2:AE13D0  |i B00347  |p 0016482  |f BK 
082 0 4 |a 813/.54  |2 19 
082 0 4 |a 813.54  |2 19d 
082 0 4 |a 823/.9/1F  |a 823./914 
999 f f |i a7ce836e-ee46-59cc-b674-896e14b7480e  |s 3008d1de-3523-5fad-9be4-e9027fa0d35d 
952 f f |p Can circulate  |a CAVAL  |b CAVAL  |c CAVAL  |d CARM 1 Store  |e B00347  |f A2:AE13D0  |h Other scheme  |i book  |m 0016482